| 000 | 01063cac a22002895a 4500 | ||
|---|---|---|---|
| 005 | 20150817131311.0 | ||
| 008 | 141116t2012 enkadk frb 001 0 eng d | ||
| 020 | _a9780273760597 | ||
| 020 | _a0273760599 | ||
| 040 |
_aEG-ScBUE _beng _cEG-ScBUE |
||
| 082 | 0 | 4 |
_222 _a005.4476 _bDIS |
| 245 | 0 | 0 |
_aDistributed systems : _bconcepts and design / _cGeorge Coulouris ... [et al.] ; contributions Arup Kumar Bhattacharjee, Soumen Mukherjee. |
| 250 |
_a5th ed., _binternational ed. |
||
| 260 |
_aHarlow: _bPearson educattion limited, _cc.2012. |
||
| 300 |
_a1063 p. : _bill ; _c23 cm. |
||
| 500 | _aIndex : p. 1041-1063. | ||
| 504 | _aBibliography : p. 983-1039. | ||
| 590 | _aDoha | ||
| 650 | 0 |
_aElectronic data processing _xDistributed processing _94260 _2BUEsh |
|
| 651 | _2BUEsh | ||
| 653 |
_bCOMSCI _cNovember2014 _cAugust2015 |
||
| 655 |
_vreading book _934232 |
||
| 700 | 1 |
_aCoulouris, George F. _94258 |
|
| 700 | 1 |
_aMukherjee, Soumen _932792 _econtributor. |
|
| 700 | 1 |
_aBhattacharjee, Arup Kumar _932793 _econtributor. |
|
| 942 |
_2ddc _k005.4476 DIS |
||
| 999 |
_c18621 _d18593 |
||